000 00461nam a2200181Ia 4500
005 20250117023434.0
008 240331s9999 xx 000 0 und d
020 _a0195643739
082 _bPAR
_22640
_a305.3
100 _aMukta, P
245 0 _aUpholding the Common Life:
_bThe Community of Mirabai
260 _aDelhi
_bOxford University Press
_c1994
300 _aixx, 269 p.,
650 _aCommunity
650 _aHistory
650 _aWomen
942 _cL
999 _c1599
_d1599